Quizzes
Events
Quiz Creation
Community
Videos
Private Events
Remove Ads
Sign In
Join for FREE
Feedback
Dark Mode
Quiz Categories
Sports
Geography
Music
Movies
Television
Just For Fun
Miscellaneous
History
Literature
Language
Science
Gaming
Entertainment
Religion
Holiday
For Kids
Quiz Lab
Recent
Popular Today
Quiz Kudos Today
Editor Picks
Curator Picks
Quizzes by...
Day
Popularity
Type
Ratings
Length
Year
Community
Subscriptions
Recent Discussions
Orange Saloon
Badges
Playlists
Quests
Create
Leaderboards
Showdown
Live 5
Trivia Bingo
Activity
Puzzle Library
Sporcle Events
Private Events
Virtual Trivia
Globe League
Become a Host
Pub Owners
SporcleCon
Opinionation
Our Games
Videos
Blog
Mobile Apps
Partnerships
Remove Ads and Go Orange
Feedback
Geography
Country
Landmarks
City
State
Population
World
Capital
Continent
Flags
Europe
Africa
Asia
South America
North America
Oceania
Border
Canada
United Kingdom
Topography
United States
Geography
Country
Landmarks
City
State
Population
World
Capital
Continent
Flags
Europe
Africa
Asia
South America
North America
Oceania
Border
Canada
United Kingdom
Topography
United States
Random Quiz
Search Sporcle
×
Quiz Lab
Quiz Lab
Geography
State
Type in answers that appear in a list
Type in answers that appear in a list
Classic
Best Score? Go Orange.
Australian States and Territories Stats
Name all of Australia's States and Territories in one minute.
By
tac3
10m
8 Questions
67 Plays
67 Plays
67 Plays
Comments
Comments
Give Quiz Kudos
Give Quiz Kudos
-
- Ratings
hide this ad
More Info
Replay
Link that replays current quiz
Next Quiz
Link to next quiz in quiz playlist
You Got
0%
They Got
Avg Score
91%
Avg Friend Score
Upgrade to see
Score Distribution
Jump to the score distribution portion of the page
Score
0/8
Timer
10:00
0
Plays Today
Hint
Answer
% Correct
New South Wales
97%
Western Australia
95.5%
Queensland
95.5%
Tasmania
94%
South Australia
92.5%
Victoria
89.6%
Northern Territory
86.6%
ACT
77.6%
Quiz Playlist
Details
Report
Send in Message
Add To Playlist
More Info:
Type everything out except ACT (Australian Capital Territory).
Classic:
Type in answers that appear in a list
Last Updated: Jul 18, 2017
Quiz Scoreboard
CHALLENGE
Sign Up to Join the Scoreboard
Show All
Scores
Hide
Comments
May contain spoilers
Recently Published
An Introduction to Baseball
by treessimontrees
Sports
5m
Movies - When Are They Set?
by FPL_Elf
Movies
5m
Popular People in 1961
by mucciniale
History
6m
More to Explore
Quiz From the Vault
Featured Blog Post
Where Did the Easter Bunny Come From?
hide this ad
You Might Also Like...
Tags
State Quiz
Australia
Australia States
minute
Territory
Today's Top Quizzes in Geography
Browse Geography
hide this ad
Today's Top Quizzes in State
Browse State
Top Contributed Quizzes in Geography
1
Countries of the World - No Outlines Minefield
2
Top 25 Cities of France on a map
3
Closest Countries to UK A-Z
4
Any capital of a 'B' country per Continent
5
One Thing in Common: United Kingdom
6
Find the Provinces of Canada - No Outlines Minefield
7
Any capital of a 'C' country per Continent
8
Blind Secret Country CLXXXVIII
9
Find the US States - No Outlines
10
Any capital of a 'D' country per Continent
Explore More
Trending Topics
Marvel
Kpop
NBA
Harry Potter
Anime
Disney
Crossword
Country
WWE
Puzzle
The Office
NFL
Song
Pokémon
Soccer
hide this ad
More By:
tac3
Quiz
Plays
Rating
Category
Featured
Created
Continuous Clickable NBA Minefield Quiz 2
846
5.00
Sports
Jun 24, 2018
Longest quiz ever
725
2.32
Just For Fun
May 5, 2017
Continuous Clickable NBA Minefield Quiz 1
618
5.00
Sports
Jun 24, 2018
Easiest Quiz Ever I
531
2.80
Just For Fun
Jun 21, 2017
NBA 3 Point Leaders 2016-17 Season (3s Made)
429
3.67
Sports
Jun 3, 2017
Go to Creator's Profile
Score Distribution
Quiz Creator Spotlight
tac3
Follow
Send a Message
Quizzes Created
-
Created Quiz Play Count
-
More By This Creator
Popular Quizzes Today
1
Find the Countries of Europe - No Outlines Minefield
2
Find the US States - No Outlines Minefield
3
The Countries of the World
4
Popular People in 1961
5
US States
6
Find the US States
7
1-10 Letter E Words III
8
Risky Map Clicking: Biggest States A-Z
More Geography Quizzes
USA States: Common 3-letter Combos (ANA/NIA)
Curator's Pick
Trending Quizzes
Risky Map Clicking: Least Populous States A-Z
1-10 Letter F Words
1-10 Letter G Words
One Thing in Common: United Kingdom
Not Quite an Element Typing Challenge
Recently Updated
Leaping Animals
pecheneg
Reality TV Shows (A-Z)
bhenderson79
Rickey Henderson's Hall of Fame Teammates
pecheneg
Champions League XIs: Arsenal
pecheneg
Quick Pick: Celebrities in WWE's Hall of Fame
aduchscher
A-Z Keypad Blitz II
pecheneg
Multiple Oscar Actors
pecheneg
Mystery Phrase Blitz: Oscar 'Best Actors'
pecheneg
F. Scott Fitzgerald Novels
LTH
Pick 3 Villains
ddd62291
Trending Topics
Harry Potter
Anime
Kpop
Crossword
Disney
NBA
Marvel
Song
The Office
Puzzle
Soccer
Country
Pokémon
NFL
WWE
Your Account Isn't Verified!
In order to create a playlist on Sporcle, you need to verify the email address you used during registration. Go to your
Sporcle Settings
to finish the process.
Report this User
Report this user for behavior that violates our
Community Guidelines
.
Details:
Send Report
Go to the Sporcle.com Mobile Site →
Comments